000 03364cam a2200445 i 4500
001 15573032
005 20250908132010.0
006 m o d
007 cr |||||||||||
008 200921s2020 njua ob 001 0 eng
010 _a 2020013693
020 _a9781119610922
_qelectronic book
020 _a9781119611882
_qelectronic book
020 _a9781119610878
_qelectronic book
020 _a9781119611905
_qelectronic book
035 _a(DLC)ybp301288892
035 _a15573032
040 _aNhCcYBP
_beng
_cNhCcYBP
041 _aEnglish
042 _apcc
050 4 _aHG4028.V3
_bC67 2020
110 _aMcKinsey and Company
_eauthor.
_0http://id.loc.gov/authorities/names/n50066512
_923530
245 1 0 _aValuation
_h[electronic resource]
_b: measuring and managing the value of companies
_c/ McKinsey & Company, Tim Koller, Marc Goedhart, David Wessels.
250 _aSeventh edition.
264 1 _aHoboken, New Jersey :
_bJohn Wiley & Sons,
_c[2020]
300 _a1 online resource.
490 1 _a[Wiley finance]
500 _aFirst edition entered under: Copeland, Thomas E.
504 _aIncludes bibliographical references and index.
520 _aMcKinsey & Company's bestselling guide to teaching corporate valuation - the fully updated seventh edition Valuation: Measuring and Managing the Value of Companies, University Edition is filled with the expert guidance from McKinsey & Company that students and professors have come to rely on for over nearly three decades. Now in its seventh edition, this acclaimed volume continues to help financial professionals and students around the world gain a deep understanding of valuation and help their companies create, manage, and maximize economic value for their shareholders.This latest edition has been carefully revised and updated throughout, and includes new insights on topics such as digital, ESG (environmental, social and governance), and long-term investing, as well as fresh case studies. For thirty years, Valuation has remained true to its basic principles and continues to offer a step-by-step approach to teaching valuation fundamentals, including: Analyzing historical performance Forecasting performance Estimating the cost of capital Interpreting the results of a valuation in context Linking a company's valuation multiples to core performance drivers The University Edition contains end-of-chapter review questions to help students master key concepts from the book. Wiley also offers an Online Instructor's Manual with a full suite of learning resources to complement valuation classroom instruction.
588 _aDescription based on online resource; title from digital title page (viewed on June 03, 2020).
590 _aAccess is available to the Yale community.
650 0 _aCorporations
_xValuation
_vHandbooks, manuals, etc.
700 _aKoller, Tim
_eauthor.
_0http://id.loc.gov/authorities/names/n88179070
_96649
700 _aGoedhart, Marc
_eauthor.
_0http://id.loc.gov/authorities/names/n96051946
_96650
700 _aWessels, David
_eauthor.
_0http://id.loc.gov/authorities/names/n2005007983
_96648
830 0 _aWiley finance series.
_0http://id.loc.gov/authorities/names/n00091597
856 _uhttps://bibliotheque.tbs-education.fr/Default/doc/SYRACUSE/3394006/valuation-measuring-and-managing-the-value-of-companies
942 _2lcc
999 _c4921
_d4921